Противоточный экстрактор непрерывного действия

Bibliographic Details
Corporate Author: Горно-химический комбинат (ГХК)
Other Authors: Гаврилов П. М. Петр Михайлович, Ревенко Ю. А. Юрий Александрович, Бараков Б. Н. Борис Николаевич, Бондин В. В. Владимир Викторович, Бычков С. И. Сергей Иванович, Рыбалкин И. А. Игорь Андреевич, Козловский А. П. Андрей Петрович
Summary:опубл. 27.12.10
Изобретение относится к устройствам, предназначенным для проведения непрерывного противоточного процесса экстракции из твердых материалов сжиженными газами, например для извлечения пищевых, лекарственных и биологически активных веществ из растительного или другого сырья, и может быть использовано в пищевой, фармацевтической и микробиологической промышленности для получения экстрактов.
Language:Russian
Published:
Subjects:
Online Access:http://www.fips.ru/Archive/PAT/2010FULL/2010.12.27/DOC/RUNWC2/000/000/002/407/579/document.pdf
Format: Electronic Book
KOHA link:https://koha.lib.tpu.ru/cgi-bin/koha/opac-detail.pl?biblionumber=646416

MARC

LEADER 00000nlm0a2200000 4500
001 646416
005 20231214155233.0
029 1 0 |a RU  |b 2407579  |c Пат.  |d МПК B 01 D 11/02 
035 |a (RuTPU)RU\TPU\network\11552 
035 |a RU\TPU\network\11551 
039 0 |a RU  |b 2009105426/12  |c 20090218 
090 |a 646416 
100 |a 20160229j20101227k y0rusy50 ca 
101 0 |a rus 
102 |a RU 
105 |a a k 000zy 
135 |a drgn ---uucaa 
181 0 |a i  
182 0 |a b 
200 1 |a Противоточный экстрактор непрерывного действия  |f П. М. Гаврилов [и др.]  |g Горно-химический комбинат (ГХК) 
203 |a Текст  |c электронный 
300 |a опубл. 27.12.10 
330 |a Изобретение относится к устройствам, предназначенным для проведения непрерывного противоточного процесса экстракции из твердых материалов сжиженными газами, например для извлечения пищевых, лекарственных и биологически активных веществ из растительного или другого сырья, и может быть использовано в пищевой, фармацевтической и микробиологической промышленности для получения экстрактов. 
610 1 |a патенты 
610 1 |a труды учёных ТПУ 
610 1 |a электронный ресурс 
610 1 |a изобретения 
610 1 |a экстракторы 
610 1 |a непрерывные процессы 
610 1 |a противоточные процессы 
610 1 |a твердые материалы 
610 1 |a сжиженные газы 
701 1 |a Гаврилов  |b П. М.  |c специалист в области атомной энергетики  |c профессор Томского политехнического университета, доктор технических наук  |f 1960-  |g Петр Михайлович  |3 (RuTPU)RU\TPU\pers\27697  |9 12771 
701 1 |a Ревенко  |b Ю. А.  |g Юрий Александрович 
701 1 |a Бараков  |b Б. Н.  |g Борис Николаевич 
701 1 |a Бондин  |b В. В.  |g Владимир Викторович 
701 1 |a Бычков  |b С. И.  |g Сергей Иванович 
701 1 |a Рыбалкин  |b И. А.  |g Игорь Андреевич 
701 1 |a Козловский  |b А. П.  |g Андрей Петрович 
712 0 2 |a Горно-химический комбинат (ГХК)  |c (Железногорск)  |3 (RuTPU)RU\TPU\col\16911 
801 1 |a RU  |b 63413507  |c 20120201 
801 2 |a RU  |b 63413507  |c 20160229  |g RCR 
856 4 |u http://www.fips.ru/Archive/PAT/2010FULL/2010.12.27/DOC/RUNWC2/000/000/002/407/579/document.pdf 
942 |c CF